[Event "6th Gibtelecom Masters"]
[Site "Gibraltar ENG"]
[Date "2008.01.30"]
[Round "9"]
[White "Efimenko, Z."]
[Black "Bu Xiangzhi"]
[Result "1-0"]
[WhiteElo "2638"]
[BlackElo "2691"]
[PlyCount "93"]
[EventDate "2008.01.22"]
[SourceDate "1999.07.01"]

1. e4 c5 2. Nf3 d6 3. d4 cxd4 4. Nxd4 Nf6 5. Nc3 a6 6. Be2 e5 7. Nb3 Be7 8. O-O
O-O 9. Re1 Be6 10. Bf3 Nbd7 11. a4 Rc8 12. a5 Qc7 13. Be3 Rfd8 14. Nd2 h6 15.
Nf1 Bf8 16. h3 g6 17. Nh2 h5 18. Nf1 Bg7 19. Bg5 Rb8 20. Ne3 Rdc8 21. Be2 Qc6
22. Bd3 Re8 23. Bh4 Nh7 24. Ncd5 Bxd5 25. Nxd5 Nhf6 26. c4 Nxd5 27. cxd5 Qc7
28. Bg5 Bf6 29. Be3 Rec8 30. Qd2 Qd8 31. b4 Kh7 32. Rac1 Bg7 33. Rxc8 Rxc8 34.
Rc1 Rc7 35. g3 Nf6 36. Kg2 Rxc1 37. Qxc1 Qd7 38. Qc2 Bh6 39. Bb6 h4 40. g4 Nxg4
41. Qc7 Nf6 42. Qxd7 Nxd7 43. Bc7 Kg8 44. Bxa6 Bd2 45. Bxb7 Bxb4 46. a6 Bc5 47.
Bc6 1-0

[Event "Noteboom Mem A"]
[Site "Leiden NED"]
[Date "2008.02.03"]
[Round "6"]
[White "Nijboer, F."]
[Black "Van den Doel, E."]
[Result "1/2-1/2"]
[WhiteElo "2578"]
[BlackElo "2593"]
[PlyCount "34"]
[EventDate "2008.02.01"]
[SourceDate "1999.07.01"]

1. e4 c5 2. Nf3 d6 3. d4 cxd4 4. Nxd4 Nf6 5. Nc3 a6 6. Bc4 e6 7. Bb3 Be7 8. g4
O-O 9. h4 d5 10. exd5 Nxd5 11. Nxd5 exd5 12. Be3 Nc6 13. Qe2 a5 14. c3 Ne5 15.
Bf4 Ng6 16. Be3 Ne5 17. Bf4 Ng6 1/2-1/2

[Event "Corus C"]
[Site "Wijk aan Zee NED"]
[Date "2008.01.25"]
[Round "11"]
[White "Carlsson, P."]
[Black "Li Shilong"]
[Result "1/2-1/2"]
[WhiteElo "2501"]
[BlackElo "2502"]
[PlyCount "112"]
[EventDate "2008.01.12"]
[SourceDate "1999.07.01"]

1. e4 c5 2. Nf3 d6 3. d4 cxd4 4. Nxd4 Nf6 5. Nc3 a6 6. g3 e5 7. Nb3 Be7 8. Bg2
Nbd7 9. a4 b6 10. O-O Bb7 11. Re1 Rc8 12. Nd2 Rc5 13. Nf1 Qa8 14. Bg5 h6 15.
Bd2 g6 16. Qe2 Kf8 17. Rad1 Kg7 18. Be3 Rc7 19. Nd5 Bxd5 20. exd5 h5 21. h3 Qb7
22. c3 Re8 23. Nd2 Bf8 24. c4 Nc5 25. b3 a5 26. Rb1 Qc8 27. Rb2 Kh7 28. Nb1 Ng8
29. g4 hxg4 30. hxg4 Nh6 31. Bh3 f5 32. gxf5 gxf5 33. Qh5 Rg7+ 34. Kh1 Kh8 35.
Bxh6 Rh7 36. Bxf5 Rxh6 37. Qxh6+ Bxh6 38. Bxc8 Nd3 39. Rbe2 Nxe1 40. Bd7 Re7
41. Bf5 Nf3 42. Be4 Nd4 43. Re1 Nxb3 44. Na3 Bd2 45. Re2 Bb4 46. Nb5 Rf7 47. f3
Kg8 48. Rh2 Rf6 49. Nc7 Nd2 50. Ne6 Nxe4 51. Rg2+ Kh7 52. fxe4 Kh6 53. Rh2+ Kg6
54. Rg2+ Kh6 55. Rh2+ Kg6 56. Rg2+ Kh6 1/2-1/2

[Event "6th Gibtelecom Masters"]
[Site "Gibraltar ENG"]
[Date "2008.01.24"]
[Round "3"]
[White "Wang Hao"]
[Black "Berg, E."]
[Result "1/2-1/2"]
[WhiteElo "2665"]
[BlackElo "2583"]
[PlyCount "69"]
[EventDate "2008.01.22"]
[SourceDate "1999.07.01"]

1. Nf3 c5 2. e4 d6 3. d4 cxd4 4. Nxd4 Nf6 5. Nc3 a6 6. Be2 e5 7. Nb3 Be7 8. Be3
Be6 9. Nd5 Nbd7 10. Qd3 Bxd5 11. exd5 Nc5 12. Nxc5 dxc5 13. O-O-O Bd6 14. g4 e4
15. Qd2 O-O 16. h4 Nd7 17. g5 b5 18. Rdg1 Ne5 19. Kb1 b4 20. h5 f5 21. g6 f4
22. Bxf4 Nf3 23. Bxf3 Bxf4 24. Qe1 exf3 25. h6 Ra7 26. Qe6+ Kh8 27. hxg7+ Rxg7
28. Rxh7+ Rxh7 29. gxh7 Qe8 30. Rg8+ Rxg8 31. hxg8=Q+ Qxg8 32. Qf6+ Kh7 33.
Qxf4 Qg1+ 34. Qc1 Qxf2 35. d6 1/2-1/2

[Event "6th Gibtelecom Masters"]
[Site "Gibraltar ENG"]
[Date "2008.01.26"]
[Round "5"]
[White "Socko, B."]
[Black "Bu Xiangzhi"]
[Result "0-1"]
[WhiteElo "2635"]
[BlackElo "2691"]
[PlyCount "108"]
[EventDate "2008.01.22"]
[SourceDate "1999.07.01"]

1. e4 c5 2. Nf3 d6 3. d4 cxd4 4. Nxd4 Nf6 5. Nc3 a6 6. Be2 e5 7. Nb3 Be7 8. O-O
O-O 9. Kh1 Qc7 10. a4 Be6 11. f4 Nbd7 12. f5 Bc4 13. a5 b5 14. axb6 Nxb6 15.
Bxc4 Qxc4 16. Na5 Qc5 17. Bg5 Rfc8 18. Qd3 Qb4 19. Bd2 Bd8 20. Nb3 a5 21. Nd5
Qc4 22. Nxf6+ Bxf6 23. Bxa5 Na4 24. Qxc4 Rxc4 25. Nd2 Rxc2 26. Bc3 h5 27. Nc4
Ra6 28. Nxd6 Rxd6 29. Rxa4 Bg5 30. Raa1 f6 31. Rae1 Rd3 32. Rd1 Re3 33. Rfe1 h4
34. Rxe3 Bxe3 35. Be1 h3 36. gxh3 Rxb2 37. Bg3 Kh7 38. h4 Kh6 39. Rd7 Bd4 40.
Rc7 Re2 41. Rf7 Ra2 42. Rb7 Re2 43. Rf7 Rxe4 44. Kg2 Re2+ 45. Kf3 Ra2 46. Rf8
Kh7 47. h5 Bg1 48. h4 Bh2 49. Be1 e4+ 50. Ke3 Bg1+ 51. Kf4 e3 52. h6 Bf2 53.
Bc3 Rc2 54. Ba5 Rc5 0-1

[Event "15th TCh-Asia"]
[Site "Visakhpatnam IND"]
[Date "2008.01.05"]
[Round "3"]
[White "Nguyen Ngoc Truong Son"]
[Black "Sasikiran, K."]
[Result "1/2-1/2"]
[WhiteElo "2551"]
[BlackElo "2677"]
[PlyCount "42"]
[EventDate "2008.01.03"]
[SourceDate "1999.07.01"]

1. e4 c5 2. Nf3 d6 3. d4 cxd4 4. Nxd4 Nf6 5. Nc3 a6 6. Be3 e6 7. Be2 Nbd7 8.
O-O b5 9. a4 b4 10. Nc6 Qc7 11. Nxb4 d5 12. Nxa6 Bxa6 13. exd5 Bd6 14. dxe6
fxe6 15. Bxa6 Rxa6 16. Nb5 Qb8 17. Nxd6+ Rxd6 18. Qe2 Qxb2 19. a5 O-O 20. a6
Ra8 21. a7 Rc6 1/2-1/2

[Event "15th TCh-Asia"]
[Site "Visakhpatnam IND"]
[Date "2008.01.05"]
[Round "3"]
[White "Dzhumaev, M."]
[Black "Zhou Jianchao"]
[Result "1/2-1/2"]
[WhiteElo "2527"]
[BlackElo "2551"]
[PlyCount "100"]
[EventDate "2008.01.03"]
[SourceDate "1999.07.01"]

1. e4 c5 2. Nf3 d6 3. d4 cxd4 4. Nxd4 Nf6 5. Nc3 a6 6. Be3 e5 7. Nb3 Be7 8. f3
Be6 9. Qd2 O-O 10. O-O-O Nbd7 11. g4 b5 12. g5 b4 13. Ne2 Ne8 14. Ng3 a5 15.
Kb1 a4 16. Nc1 Nc7 17. f4 exf4 18. Bxf4 b3 19. cxb3 axb3 20. a3 Nc5 21. Nd3 Bg4
22. Re1 N7e6 23. Nf2 Bf3 24. Rg1 Nxf4 25. Qxf4 Rxa3 26. bxa3 Qa5 27. Bc4 Qxa3
28. Qd2 Bxg5 29. Qb2 Qxb2+ 30. Kxb2 Bf6+ 31. e5 Bxe5+ 32. Rxe5 dxe5 33. Re1 Re8
34. Re3 e4 35. Bxb3 g6 36. Bd5 Kg7 37. Bxe4 Bxe4 38. Nfxe4 Nxe4 39. Rxe4 Rxe4
40. Nxe4 f5 41. Nf2 Kf6 42. Kc3 Ke5 43. Kd3 g5 44. Ke3 f4+ 45. Ke2 h5 46. h3 g4
47. h4 g3 48. Nd3+ Kf5 49. Kf3 g2 50. Kxg2 Kg4 1/2-1/2

[Event "TCh-AUT 1st Bundesliga 2007-8"]
[Site "Jenbach AUT"]
[Date "2008.01.10"]
[Round "4"]
[White "Baklan, V."]
[Black "Babula, V."]
[Result "1/2-1/2"]
[WhiteElo "2647"]
[BlackElo "2594"]
[PlyCount "33"]
[EventDate "2008.01.10"]
[SourceDate "1999.07.01"]

1. e4 c5 2. Nf3 d6 3. d4 cxd4 4. Nxd4 Nf6 5. Nc3 a6 6. g3 e5 7. Nb3 Be7 8. a4
Bg4 9. f3 Be6 10. f4 exf4 11. Bxf4 Nc6 12. Bg2 O-O 13. Nd5 Bxd5 14. exd5 Na5
15. Nxa5 Qxa5+ 16. Qd2 Qb6 17. Be3 1/2-1/2

[Event "TCh-AUT 1st Bundesliga 2007-8"]
[Site "Jenbach AUT"]
[Date "2008.01.12"]
[Round "6"]
[White "Balogh, C."]
[Black "Naumann, A."]
[Result "1-0"]
[WhiteElo "2575"]
[BlackElo "2541"]
[PlyCount "133"]
[EventDate "2008.01.10"]
[SourceDate "1999.07.01"]

1. e4 c5 2. Nf3 d6 3. d4 cxd4 4. Nxd4 Nf6 5. Nc3 a6 6. Be3 e5 7. Nf3 Be7 8. Bc4
O-O 9. O-O Be6 10. Bb3 Nc6 11. Qe2 Na5 12. Rfd1 Qc7 13. Bg5 Rac8 14. h3 h6 15.
Bxf6 Bxf6 16. Nd5 Bxd5 17. Rxd5 Nxb3 18. cxb3 Be7 19. Rd3 Qc2 20. Rd2 Qc6 21.
Rad1 g6 22. Rd3 Qc2 23. R3d2 Qc6 24. Ne1 Kg7 25. Rc2 Qb6 26. Rc4 Rc6 27. Nc2
Rfc8 28. Ne3 Bg5 29. Nd5 Qa5 30. Rc3 h5 31. a3 Qd8 32. b4 b5 33. Qc2 Qe8 34.
Nb6 R8c7 35. Nd5 Rc8 36. Nb6 R8c7 37. Rdd3 Bd8 38. Nd5 Rc8 39. Kf1 Qd7 40. Rd1
Rc4 41. Rdd3 f5 42. exf5 Rxc3 43. Rxc3 Rxc3 44. f6+ Bxf6 45. bxc3 Bg5 46. Ke2
Qa7 47. Qd3 Bh4 48. g3 Bd8 49. c4 h4 50. cxb5 hxg3 51. fxg3 axb5 52. Qxb5 Qxa3
53. Qd7+ Kh6 54. Qxd6 Qb2+ 55. Kf3 Bg5 56. h4 Qb3+ 57. Ke4 Qc2+ 58. Kxe5 Qe2+
59. Kd4 Be3+ 60. Nxe3 Qd2+ 61. Ke5 Qxe3+ 62. Kf6 Qc3+ 63. Ke7 Kg7 64. Kd7 Qc4
65. Qe5+ Kh7 66. b5 Qa4 67. Kc8 1-0

[Event "Corus C"]
[Site "Wijk aan Zee NED"]
[Date "2008.01.19"]
[Round "7"]
[White "Caruana, F."]
[Black "Carlsson, P."]
[Result "1-0"]
[WhiteElo "2598"]
[BlackElo "2501"]
[PlyCount "71"]
[EventDate "2008.01.12"]
[SourceDate "1999.07.01"]

1. e4 c5 2. Nf3 d6 3. d4 cxd4 4. Nxd4 Nf6 5. Nc3 a6 6. Be3 e5 7. Nb3 Be7 8. Qd2
O-O 9. O-O-O Be6 10. f4 Ng4 11. g3 Nxe3 12. Qxe3 b5 13. Kb1 b4 14. Na4 Bg4 15.
Re1 Nd7 16. h3 Bh5 17. Bc4 Qc7 18. Bd5 exf4 19. gxf4 Rac8 20. Nd4 Bf6 21. Bb3
Nc5 22. Nf5 Bg6 23. Ng3 Nxa4 24. Bxa4 Qa5 25. Bb3 Rfe8 26. h4 h6 27. Qc1 Rc5
28. Rhg1 Bh7 29. e5 dxe5 30. Nh5 Qb6 31. Qe3 Kh8 32. Nxf6 gxf6 33. f5 Rg8 34.
Rxg8+ Kxg8 35. Rg1+ Kh8 36. Qxh6 1-0

[Event "Paul Keres Mem GMA"]
[Site "Tallinn EST"]
[Date "2008.01.06"]
[Round "1"]
[White "Sulskis, S."]
[Black "Kulaots, K."]
[Result "1/2-1/2"]
[WhiteElo "2553"]
[BlackElo "2533"]
[PlyCount "46"]
[EventDate "2008.01.06"]
[SourceDate "1999.07.01"]

1. e4 c5 2. Nf3 d6 3. d4 cxd4 4. Nxd4 Nf6 5. Nc3 a6 6. Be3 e6 7. f3 b5 8. Qd2
b4 9. Na4 Nbd7 10. Bc4 Ne5 11. Bb3 Rb8 12. O-O Bd7 13. a3 a5 14. axb4 axb4 15.
f4 Nc6 16. e5 dxe5 17. fxe5 Nxe5 18. Bf4 Nc6 19. Bxb8 Qxb8 20. Nf3 Na5 21. Qd4
Nc6 22. Qd2 Na5 23. Qd4 Nc6 1/2-1/2

[Event "Paul Keres Mem GMA"]
[Site "Tallinn EST"]
[Date "2008.01.08"]
[Round "4"]
[White "Sulskis, S."]
[Black "Kanep, M."]
[Result "1/2-1/2"]
[WhiteElo "2553"]
[BlackElo "2523"]
[PlyCount "80"]
[EventDate "2008.01.06"]
[SourceDate "1999.07.01"]

1. e4 c5 2. Nf3 d6 3. d4 cxd4 4. Nxd4 Nf6 5. Nc3 a6 6. Bg5 e6 7. f4 h6 8. Bh4
Be7 9. Qf3 Qc7 10. O-O-O Nbd7 11. Bg3 b5 12. e5 Bb7 13. Qe2 dxe5 14. fxe5 Nd5
15. Ne4 Qa5 16. Kb1 O-O 17. Nd6 Bxd6 18. exd6 Nb4 19. a3 Nd5 20. Nb3 Qb6 21.
Qd2 N5f6 22. Bd3 Be4 23. Bxe4 Nxe4 24. Qd4 Qxd4 25. Rxd4 f5 26. Re1 Rac8 27.
Rdxe4 fxe4 28. Nd2 Nc5 29. Nxe4 Nxe4 30. Rxe4 Rf1+ 31. Ka2 Rxc2 32. Rxe6 Rd1
33. Re7 Rxg2 34. Be5 Kf8 35. Ra7 Rd5 36. Bc3 Ke8 37. Re7+ Kf8 38. Ra7 Ke8 39.
Re7+ Kf8 40. Ra7 Ke8 1/2-1/2

[Event "Paul Keres Mem GMA"]
[Site "Tallinn EST"]
[Date "2008.01.12"]
[Round "9"]
[White "Yemelin, V."]
[Black "Kanep, M."]
[Result "1-0"]
[WhiteElo "2562"]
[BlackElo "2523"]
[PlyCount "63"]
[EventDate "2008.01.06"]
[SourceDate "1999.07.01"]

1. e4 c5 2. Nf3 d6 3. d4 cxd4 4. Nxd4 Nf6 5. Nc3 a6 6. Be3 e6 7. f3 b5 8. Qd2
Nbd7 9. g4 h6 10. O-O-O Bb7 11. h4 b4 12. Na4 Qa5 13. b3 Nc5 14. a3 Nxa4 15.
axb4 Qc7 16. bxa4 Nd7 17. a5 Ne5 18. b5 d5 19. b6 Ba3+ 20. Kb1 Qe7 21. Bf4 Ng6
22. Bc7 Nxh4 23. Qc3 Bb4 24. Qb3 Bc5 25. exd5 Bxd5 26. Bc4 Bb7 27. Nxe6 fxe6
28. Rhe1 Kf8 29. Rxe6 Qg5 30. Re5 Nxf3 31. Rxg5 hxg5 32. Bd5 1-0

[Event "XVIII Cracovia"]
[Site "Krakow POL"]
[Date "2008.01.04"]
[Round "9"]
[White "Czarnota, P."]
[Black "Jakubiec, A."]
[Result "1/2-1/2"]
[WhiteElo "2554"]
[BlackElo "2524"]
[PlyCount "37"]
[EventDate "2007.12.27"]
[SourceDate "1999.07.01"]

1. e4 c5 2. Nf3 d6 3. d4 cxd4 4. Nxd4 Nf6 5. Nc3 a6 6. Be3 e5 7. Nf3 Qc7 8. a4
Be7 9. a5 O-O 10. Be2 Nc6 11. Bb6 Qd7 12. Nd2 Nd4 13. Bc4 Bd8 14. Nd5 Nxd5 15.
Bxd5 Bxb6 16. axb6 Qd8 17. c3 Ne6 18. Nc4 Nf4 19. O-O 1/2-1/2

[Event "I Gedeon Barcza Mem"]
[Site "Budapest HUN"]
[Date "2008.10.30"]
[Round "5"]
[White "Szabo, Krisz1"]
[Black "Kulaots, K."]
[Result "1/2-1/2"]
[WhiteElo "2520"]
[BlackElo "2556"]
[PlyCount "59"]
[EventDate "2008.10.27"]
[SourceDate "1999.07.01"]

1. e4 c5 2. Nf3 d6 3. d4 cxd4 4. Nxd4 Nf6 5. Nc3 a6 6. Be3 e6 7. f3 b5 8. Qd2
b4 9. Na4 Nbd7 10. O-O-O Qa5 11. b3 Bb7 12. a3 Qc7 13. axb4 d5 14. Kb1 dxe4 15.
b5 Be7 16. Bf4 Qc8 17. Bc4 axb5 18. Bxb5 O-O 19. Nxe6 fxe6 20. Bxd7 Nxd7 21.
Qxd7 Bf6 22. Qxc8 Rfxc8 23. Rhe1 exf3 24. gxf3 Bxf3 25. Rd3 Bg4 26. Be5 Bf5 27.
Bxf6 Bxd3 28. cxd3 gxf6 29. Nb6 e5 30. b4 1/2-1/2

[Event "I Gedeon Barcza Mem"]
[Site "Budapest HUN"]
[Date "2008.11.01"]
[Round "7"]
[White "Kulaots, K."]
[Black "Ruck, R1."]
[Result "0-1"]
[WhiteElo "2556"]
[BlackElo "2574"]
[PlyCount "106"]
[EventDate "2008.10.27"]
[SourceDate "1999.07.01"]

1. e4 c5 2. Nf3 d6 3. d4 cxd4 4. Nxd4 Nf6 5. Nc3 a6 6. g3 e6 7. Bg2 Be7 8. O-O
O-O 9. Be3 Qc7 10. f4 Nc6 11. Qe2 Nxd4 12. Bxd4 e5 13. Be3 b5 14. a4 b4 15. Nd5
Nxd5 16. exd5 Bf6 17. f5 a5 18. Qf2 Ba6 19. Rfd1 Rfc8 20. Be4 Qc4 21. Qg2 Qe2
22. Re1 Qxg2+ 23. Kxg2 Rab8 24. Bd2 Bd8 25. c3 bxc3 26. Bxc3 f6 27. Red1 Kf7
28. Kf3 Bc4 29. Rd2 Rc5 30. Rad1 Bb3 31. Bc2 Rc4 32. Bxb3 Rxb3 33. Ra1 h5 34.
Ke3 h4 35. Kf3 Bb6 36. Ke2 Bd8 37. Kf3 Bb6 38. Ke2 hxg3 39. hxg3 Rg4 40. Kf3
Rc4 41. Kg2 g6 42. fxg6+ Kxg6 43. Re2 f5 44. Rd2 Rg4 45. Kh2 Bd8 46. Rg2 Rb7
47. Kg1 Rh7 48. Be1 Bb6+ 49. Bf2 Bxf2+ 50. Kxf2 Rd4 51. Ke3 Rb7 52. Ra3 Rxd5
53. Rc2 Rb4 0-1

[Event "TCh-ESP CECLUB Final"]
[Site "Motril ESP"]
[Date "2008.11.02"]
[Round "3"]
[White "Ivanchuk, V."]
[Black "Shirov, A."]
[Result "0-1"]
[WhiteElo "2786"]
[BlackElo "2726"]
[PlyCount "62"]
[EventDate "2008.11.01"]
[SourceDate "1999.07.01"]

1. e4 c5 2. Nf3 d6 3. d4 cxd4 4. Nxd4 Nf6 5. Nc3 a6 6. Be3 e5 7. Nb3 Be7 8. Qd2
O-O 9. O-O-O a5 10. Kb1 a4 11. Nc1 a3 12. b3 Be6 13. h3 Ra5 14. g4 d5 15. g5 d4
16. gxf6 Bxf6 17. Qe1 Nd7 18. Nd5 Rxd5 19. exd5 Bxd5 20. Rg1 Qc7 21. Bg5 Rc8
22. c4 dxc3 23. Rxd5 c2+ 24. Ka1 e4+ 25. Bxf6 Nxf6 26. Rb5 Rd8 27. Bc4 Rd1 28.
Qa5 Qd7 29. Rd5 Rxg1 30. Qa8+ Qe8 31. Qxa3 Nxd5 0-1

[Event "Chigorin Memorial"]
[Site "St Petersburg RUS"]
[Date "2008.10.10"]
[Round "8"]
[White "Amonatov, F."]
[Black "Sjugirov, S."]
[Result "1/2-1/2"]
[WhiteElo "2634"]
[BlackElo "2549"]
[PlyCount "132"]
[EventDate "2008.10.04"]
[SourceDate "1999.07.01"]

1. e4 c5 2. Nf3 d6 3. d4 cxd4 4. Nxd4 Nf6 5. Nc3 a6 6. f4 e5 7. Nf3 Nbd7 8. a4
Be7 9. Bd3 O-O 10. O-O Nc5 11. Kh1 d5 12. Nxe5 dxe4 13. Bc4 Be6 14. Qe2 Qc7 15.
Be3 Rac8 16. a5 Bxc4 17. Nxc4 Ncd7 18. b3 Bb4 19. Na4 Nd5 20. Rad1 N7f6 21. Bb6
Nxb6 22. Naxb6 Rcd8 23. Ne3 Qc5 24. c4 Bxa5 25. Nbd5 Nxd5 26. Nxd5 f5 27. g4
Rde8 28. Rg1 Bd8 29. gxf5 Rxf5 30. Rxg7+ Kxg7 31. Qg4+ Kh8 32. Qxf5 Qf2 33. Qh5
Re6 34. f5 Rd6 35. Qe8+ Kg7 36. Qxe4 Rh6 37. Qf4 Qxf4 38. Nxf4 Bg5 39. Nd5 Rh3
40. Rg1 Kh6 41. f6 Rf3 42. Kg2 Rf5 43. Re1 Bxf6 44. Re6 Kg7 45. Rb6 Bd4 46.
Rxb7+ Kh6 47. b4 Rf2+ 48. Kg3 Rc2 49. b5 a5 50. b6 a4 51. Ra7 Rxc4 52. Kf3 Be5
53. h3 Rd4 54. Ne7 Rf4+ 55. Ke3 Rb4 56. Nc6 Rb3+ 57. Ke4 Bh2 58. b7 Bg1 59. Nd4
Rb4 60. Ra6+ Kh5 61. Ra5+ Kh6 62. Rxa4 Rxb7 63. Nf5+ Kg5 64. h4+ Kf6 65. Ra6+
Rb6 66. Rxb6+ Bxb6 1/2-1/2

[Event "Ugra Cup"]
[Site "Khantiy Mansiysk RUS"]
[Date "2008.10.18"]
[Round "4"]
[White "Iordachescu, V."]
[Black "Kurnosov, I."]
[Result "0-1"]
[WhiteElo "2572"]
[BlackElo "2606"]
[PlyCount "56"]
[EventDate "2008.10.15"]
[SourceDate "1999.07.01"]

1. e4 c5 2. Nf3 d6 3. d4 cxd4 4. Nxd4 Nf6 5. Nc3 a6 6. Be3 Ng4 7. Bg5 h6 8. Bh4
g5 9. Bg3 Bg7 10. h3 Nf6 11. Qf3 Qb6 12. O-O-O Nc6 13. Nxc6 Qxc6 14. e5 Qxf3
15. gxf3 dxe5 16. Bxe5 Bd7 17. f4 O-O-O 18. Bc4 e6 19. Rhg1 Rdg8 20. fxg5 hxg5
21. Rxg5 Bh6 22. h4 Nh7 23. Ne4 f6 24. Nd6+ Kc7 25. Nb5+ Kd8 26. Bxe6 Rg7 27.
f4 Bxg5 28. hxg5 fxe5 0-1

[Event "Ugra Cup"]
[Site "Khantiy Mansiysk RUS"]
[Date "2008.10.19"]
[Round "5"]
[White "Guseinov, G."]
[Black "Kokarev, Dm"]
[Result "1-0"]
[WhiteElo "2650"]
[BlackElo "2588"]
[PlyCount "79"]
[EventDate "2008.10.15"]
[SourceDate "1999.07.01"]

1. e4 c5 2. Nf3 d6 3. d4 cxd4 4. Nxd4 Nf6 5. Nc3 a6 6. Bg5 e6 7. f4 Be7 8. Qf3
Qc7 9. O-O-O Nbd7 10. g4 h6 11. Bxf6 Bxf6 12. h4 Qb6 13. Nb3 Be7 14. Kb1 Nc5
15. g5 Bd7 16. f5 hxg5 17. hxg5 O-O-O 18. fxe6 Bxe6 19. Bh3 Bxg5 20. Nd5 Qc6
21. Rdg1 Bf6 22. Rxg7 Bxg7 23. Ne7+ Kc7 24. Nxc6 Nxb3 25. axb3 Kxc6 26. Bxe6
Rxh1+ 27. Qxh1 fxe6 28. Qh7 Rd7 29. Qh8 e5 30. Qc8+ Rc7 31. Qe6 Rd7 32. Qc4+
Kb6 33. Qc8 Rc7 34. Qd8 Kc6 35. b4 Bh6 36. c4 b6 37. c5 dxc5 38. bxc5 Kb7 39.
Qd5+ Kb8 40. Qd6 1-0

[Event "Zvenigorodskaya Open A"]
[Site "Zvenigorod RUS"]
[Date "2008.09.27"]
[Round "4"]
[White "Shaposhnikov, E."]
[Black "Khairullin, I."]
[Result "1/2-1/2"]
[WhiteElo "2558"]
[BlackElo "2575"]
[PlyCount "22"]
[EventDate "2008.09.25"]
[SourceDate "1999.07.01"]

1. e4 c5 2. Nf3 d6 3. d4 cxd4 4. Nxd4 Nf6 5. Nc3 a6 6. Be3 e5 7. Nf3 Be7 8. Bc4
O-O 9. O-O Nc6 10. Qd3 Bg4 11. a3 Bxf3 1/2-1/2

[Event "Zvenigorodskaya Open A"]
[Site "Zvenigorod RUS"]
[Date "2008.09.27"]
[Round "5"]
[White "Filippov, An UZB"]
[Black "Sakaev, K."]
[Result "1/2-1/2"]
[WhiteElo "2531"]
[BlackElo "2635"]
[PlyCount "64"]
[EventDate "2008.09.25"]
[SourceDate "1999.07.01"]

1. e4 c5 2. Nf3 d6 3. d4 cxd4 4. Nxd4 Nf6 5. Nc3 a6 6. Be2 e5 7. Nb3 Be7 8. Bg5
Be6 9. Bxf6 Bxf6 10. Nd5 Bg5 11. O-O O-O 12. a4 Nd7 13. a5 Rc8 14. c3 Nf6 15.
Ra4 Nxd5 16. exd5 Bd7 17. Rb4 Qc7 18. Nd2 Rce8 19. Nc4 Bb5 20. Nb6 Bxe2 21.
Qxe2 f5 22. Qc4 Qf7 23. Qb3 Re7 24. Nc4 Rd8 25. Rb6 Red7 26. Qd1 h5 27. Re1 h4
28. h3 Bf4 29. Qf3 Bh6 30. Qd1 Bf4 31. Qf3 Bg5 32. Qd1 Bf4 1/2-1/2

[Event "Zvenigorodskaya Open A"]
[Site "Zvenigorod RUS"]
[Date "2008.09.28"]
[Round "6"]
[White "Amonatov, F."]
[Black "Khismatullin, D."]
[Result "1/2-1/2"]
[WhiteElo "2650"]
[BlackElo "2613"]
[PlyCount "83"]
[EventDate "2008.09.25"]
[SourceDate "1999.07.01"]

1. e4 c5 2. Nf3 d6 3. d4 Nf6 4. Nc3 cxd4 5. Nxd4 a6 6. Be3 Ng4 7. Bg5 h6 8. Bh4
g5 9. Bg3 Bg7 10. h3 Ne5 11. Nf5 Bxf5 12. exf5 Nbd7 13. Nd5 Nb6 14. c3 Nxd5 15.
Qxd5 Qd7 16. Be2 Qc6 17. O-O-O Qxd5 18. Rxd5 Rc8 19. h4 Bf6 20. hxg5 hxg5 21.
Rxh8+ Bxh8 22. Rd1 Bf6 23. Rh1 Kd7 24. Rh7 Rh8 25. Rxh8 Bxh8 26. f4 gxf4 27.
Bxf4 e6 28. fxe6+ Kxe6 29. Kd2 d5 30. a4 f5 31. b3 Bf6 32. Kc2 Bg7 33. b4 Nc4
34. Kb3 Be5 35. Bxe5 Nxe5 36. g3 Ng6 37. c4 f4 38. cxd5+ Kd6 39. gxf4 Nxf4 40.
Bf3 Nxd5 41. a5 b5 42. axb6 1/2-1/2

[Event "Zvenigorodskaya Open A"]
[Site "Zvenigorod RUS"]
[Date "2008.09.29"]
[Round "7"]
[White "Belov, Vl"]
[Black "Kuzubov, Y."]
[Result "1-0"]
[WhiteElo "2561"]
[BlackElo "2578"]
[PlyCount "69"]
[EventDate "2008.09.25"]
[SourceDate "1999.07.01"]

1. e4 c5 2. Nf3 d6 3. d4 cxd4 4. Nxd4 Nf6 5. Nc3 a6 6. Be3 e5 7. Nb3 Be6 8. Qd2
Nbd7 9. O-O-O Be7 10. f4 Rc8 11. Kb1 b5 12. f5 Bc4 13. Rg1 h5 14. a3 Qc7 15.
Bd3 Rb8 16. Qe2 Bxd3 17. Rxd3 b4 18. axb4 Rxb4 19. Nd5 Nxd5 20. exd5 Nf6 21.
Bc1 O-O 22. g4 Rxg4 23. Rxg4 hxg4 24. h3 Qc4 25. Na5 Qb5 26. Nc6 Re8 27. Qg2 e4
28. Rb3 Qc4 29. hxg4 Nxd5 30. Nxe7+ Nxe7 31. Qh2 Qd5 32. Rh3 Kf8 33. f6 Ng8 34.
Rh8 gxf6 35. Qh7 1-0

[Event "Zvenigorodskaya Open A"]
[Site "Zvenigorod RUS"]
[Date "2008.09.29"]
[Round "7"]
[White "Kharlov, A."]
[Black "Shomoev, A."]
[Result "0-1"]
[WhiteElo "2501"]
[BlackElo "2566"]
[PlyCount "54"]
[EventDate "2008.09.25"]
[SourceDate "1999.07.01"]

1. e4 c5 2. Nf3 d6 3. d4 cxd4 4. Nxd4 Nf6 5. Nc3 a6 6. Be3 e6 7. g4 h6 8. Bg2
e5 9. Nf5 g6 10. Nxh6 Bxh6 11. Bxh6 Rxh6 12. g5 Rh4 13. gxf6 Be6 14. Qd2 Nc6
15. O-O-O Qxf6 16. Kb1 O-O-O 17. Qe3 Qf4 18. Qxf4 exf4 19. f3 Ne5 20. b3 Bh3
21. Rd2 Bxg2 22. Rxg2 Nxf3 23. Rf2 Ne5 24. Ne2 f3 25. Nd4 d5 26. Nxf3 Rf4 27.
Rhf1 Ng4 0-1

[Event "Zvenigorodskaya Open A"]
[Site "Zvenigorod RUS"]
[Date "2008.09.30"]
[Round "9"]
[White "Filippov, An UZB"]
[Black "Khismatullin, D."]
[Result "1/2-1/2"]
[WhiteElo "2531"]
[BlackElo "2613"]
[PlyCount "85"]
[EventDate "2008.09.25"]
[SourceDate "1999.07.01"]

1. e4 c5 2. Nf3 d6 3. d4 Nf6 4. Nc3 cxd4 5. Nxd4 a6 6. Bg5 e6 7. f4 Qb6 8. Qd3
Qxb2 9. Rb1 Qa3 10. f5 Qc5 11. Be2 Nbd7 12. fxe6 Qxg5 13. exd7+ Bxd7 14. O-O
Qc5 15. Rxb7 Be7 16. Kh1 Qc8 17. Rb3 O-O 18. Nd5 Nxd5 19. exd5 Bb5 20. c4 Ba4
21. Nc6 Qc7 22. Rbb1 Bxc6 23. dxc6 Qxc6 24. Bf3 d5 25. Bxd5 Rad8 26. Qe4 Qd6
27. Rb3 Bf6 28. Rh3 h6 29. Rhf3 Kh8 30. Re3 Rd7 31. Qf5 Bg5 32. Ree1 g6 33. Qf3
Kg7 34. Rd1 Re7 35. Qc3+ Bf6 36. c5 Qe5 37. Qxe5 Bxe5 38. c6 Rd8 39. Bb3 Bc7
40. Rxd8 Bxd8 41. g3 f5 42. Rd1 Bc7 43. Rd7 1/2-1/2

[Event "Vasylyshyn Mem"]
[Site "Lviv UKR"]
[Date "2008.10.28"]
[Round "11"]
[White "Geller, J."]
[Black "Zakhartsov, Vi"]
[Result "0-1"]
[WhiteElo "2511"]
[BlackElo "2537"]
[PlyCount "92"]
[EventDate "2008.10.21"]
[SourceDate "1999.07.01"]

1. e4 c5 2. Nf3 d6 3. d4 cxd4 4. Nxd4 Nf6 5. Nc3 a6 6. Be3 e5 7. Nf3 Be7 8. Bc4
O-O 9. O-O Nc6 10. Bg5 Be6 11. Bb3 Nd7 12. Bxe7 Qxe7 13. Nd5 Qd8 14. Qe2 Nc5
15. Rad1 Rc8 16. Rd2 Ne7 17. Rfd1 Nxb3 18. Nxe7+ Qxe7 19. axb3 Rc6 20. h3 h6
21. Nh2 Qc7 22. Nf1 Rc8 23. Ne3 Qb6 24. Rd3 Qb4 25. Qf3 a5 26. h4 Qb6 27. h5
Rd8 28. c4 a4 29. bxa4 Qxb2 30. Kh2 Kh7 31. Nf5 Rxc4 32. Nxd6 Rc2 33. Kg3 Rd7
34. Nf5 Rxd3 35. Rxd3 Qb6 36. Ne3 Ra2 37. Kh2 Qc5 38. Qg3 Rxa4 39. Qf3 Ra2 40.
Kg3 b5 41. Rd5 Bxd5 42. Qf5+ Kg8 43. Nxd5 b4 44. Kh2 b3 45. Qxe5 Qxf2 46. Ne7+
Kh7 0-1

[Event "Vasylyshyn Mem"]
[Site "Lviv UKR"]
[Date "2008.10.29"]
[Round "13"]
[White "Oleksienko, M."]
[Black "Zakhartsov, Vi"]
[Result "1-0"]
[WhiteElo "2585"]
[BlackElo "2537"]
[PlyCount "93"]
[EventDate "2008.10.21"]
[SourceDate "1999.07.01"]

1. e4 c5 2. Nf3 d6 3. d4 cxd4 4. Nxd4 Nf6 5. Nc3 a6 6. Be3 e5 7. Nde2 Be6 8. f4
Nbd7 9. f5 Bc4 10. Nc1 Qc7 11. Nb3 Rc8 12. a3 b5 13. Bxc4 Qxc4 14. Qd3 d5 15.
exd5 b4 16. Qxc4 Rxc4 17. axb4 Bxb4 18. O-O-O Bxc3 19. bxc3 Rxc3 20. Rhe1 O-O
21. Kb2 Rfc8 22. Re2 R3c4 23. Rd3 Rb8 24. Ka3 Rb5 25. d6 a5 26. Bg5 Nd5 27. Nd4
Rb1 28. Nb3 Nc3 29. Rxc3 Rxc3 30. Bd8 Rd1 31. Bc7 f6 32. Kb2 Rc4 33. Nxa5 Rf4
34. c4 Nc5 35. Kc3 Ne4+ 36. Kc2 Rd4 37. g3 Rf3 38. Rxe4 Rxe4 39. d7 Rd4 40.
d8=Q+ Rxd8 41. Bxd8 Kf7 42. c5 Ke8 43. Bb6 e4 44. c6 Rxf5 45. c7 Kd7 46. Nc6 e3
47. Na7 1-0